Business law : (Record no. 21359)
[ view plain ]
| 000 -LEADER | |
|---|---|
| fixed length control field | 00950cam a22003015a 4500 |
| 001 - CONTROL NUMBER | |
| control field | 17523482 |
| 005 - DATE AND TIME OF LATEST TRANSACTION | |
| control field | 20160321134409.0 |
| 008 - FIXED-LENGTH DATA ELEMENTS--GENERAL INFORMATION | |
| fixed length control field | 121108t2014 ohua frbd 001 0 eng d |
| 020 ## - INTERNATIONAL STANDARD BOOK NUMBER | |
| International Standard Book Number | 9781133586562 (pbk.) |
| 020 ## - INTERNATIONAL STANDARD BOOK NUMBER | |
| International Standard Book Number | 1133586562 (pbk.) |
| 040 ## - CATALOGING SOURCE | |
| Original cataloging agency | DLC |
| Language of cataloging | eng |
| Transcribing agency | DLC |
| Modifying agency | EG-ScBUE |
| 043 ## - GEOGRAPHIC AREA CODE | |
| Geographic area code | n-us--- |
| 082 04 - DEWEY DECIMAL CLASSIFICATION NUMBER | |
| Classification number | 346.7307 |
| Item number | GOL |
| Edition number | 22 |
| 100 1# - MAIN ENTRY--PERSONAL NAME | |
| Personal name | Goldman, Arnold J. |
| 9 (RLIN) | 39516 |
| 245 10 - TITLE STATEMENT | |
| Title | Business law : |
| Remainder of title | principles and practices / |
| Statement of responsibility, etc | Arnold J. Goldman, William D. Sigismond. |
| 250 ## - EDITION STATEMENT | |
| Edition statement | 9th ed. |
| 260 ## - PUBLICATION, DISTRIBUTION, ETC. (IMPRINT) | |
| Place of publication, distribution, etc | Mason : |
| Name of publisher, distributor, etc | South western Cengage Learning, |
| Date of publication, distribution, etc | c.2014. |
| 300 ## - PHYSICAL DESCRIPTION | |
| Extent | xxxv, 728 p. : |
| Other physical details | ill. ; |
| Dimensions | 28 cm. |
| 490 0# - Series Statement | |
| Series statement | Cengage Advatage Books. |
| 500 ## - GENERAL NOTE | |
| General note | Index : p. 709-728. |
| 500 ## - GENERAL NOTE | |
| General note | Glossary : p. 694-707. |
| 504 ## - BIBLIOGRAPHY, ETC. NOTE | |
| Bibliography, etc | Includes bibliographical references. |
| 650 #7 - SUBJECT ADDED ENTRY--TOPICAL TERM | |
| Topical term or geographic name as entry element | Commercial law |
| Geographic subdivision | United States. |
| Source of heading or term | BUEsh |
| 9 (RLIN) | 37192 |
| 651 ## - SUBJECT ADDED ENTRY--GEOGRAPHIC NAME | |
| Source of heading or term | BUEsh |
| 653 ## - INDEX TERM--UNCONTROLLED | |
| Resource For college | BAEPS, Business Administration |
| Arrived date list | March2016 |
| 700 1# - ADDED ENTRY--PERSONAL NAME | |
| Personal name | Sigismond, William D. |
| 942 ## - ADDED ENTRY ELEMENTS (KOHA) | |
| Source of classification or shelving scheme | Dewey Decimal Classification |
| Withdrawn status | Item status | Source of classification or shelving scheme | Damaged status | Not for loan | Vendor | Home library | Current library | Shelving location | Date acquired | Source of acquisition | Cost, normal purchase price | Total Checkouts | Full call number | Barcode | Date last seen | Koha item type | Total Renewals | Date last borrowed | Materials specified (bound volume or other part) |
|---|---|---|---|---|---|---|---|---|---|---|---|---|---|---|---|---|---|---|---|
| Dewey Decimal Classification | Baccah | Central Library | Central Library | First floor | 09/03/2016 | Purchase | 280.00 | 346.7307 GOL | 000031949 | 15/07/2025 | NB - Book (Non borrowing) | ||||||||
| Dewey Decimal Classification | Baccah | Central Library | Central Library | First floor | 21/03/2016 | Purchase | 280.00 | 8 | 346.7307 GOL | 000032118 | 15/07/2025 | Book - Borrowing | 25 | 20/10/2018 | |||||
| Dewey Decimal Classification | Baccah | Central Library | Central Library | First floor | 21/03/2016 | Purchase | 6 | 346.7307 GOL | 000032119 | 15/07/2025 | Book - Borrowing | 22 | 26/02/2018 | ||||||
| Dewey Decimal Classification | Baccah | Central Library | Central Library | First floor | 21/03/2016 | Purchase | 8 | 346.7307 GOL | 000032120 | 15/07/2025 | Book - Borrowing | 59 | 31/03/2021 | ||||||
| Dewey Decimal Classification | Baccah | Central Library | Central Library | First floor | 21/03/2016 | Purchase | 14 | 346.7307 GOL | 000032121 | 15/07/2025 | Book - Borrowing | 28 | 14/03/2019 | ||||||
| Dewey Decimal Classification | Baccah | Central Library | Central Library | First floor | 21/03/2016 | Purchase | 7 | 346.7307 GOL | 000032122 | 15/07/2025 | Book - Borrowing | 26 | 28/02/2018 | ||||||
| Dewey Decimal Classification | Baccah | Central Library | Central Library | First floor | 21/03/2016 | Purchase | 4 | 346.7307 GOL | 000032123 | 15/07/2025 | Book - Borrowing | 31 | 05/02/2018 | ||||||
| Dewey Decimal Classification | Baccah | Central Library | Central Library | First floor | 21/03/2016 | Purchase | 13 | 346.7307 GOL | 000032124 | 15/07/2025 | Book - Borrowing | 30 | 27/05/2019 | ||||||
| Dewey Decimal Classification | Baccah | Central Library | Central Library | First floor | 21/03/2016 | Purchase | 7 | 346.7307 GOL | 000032125 | 15/07/2025 | Book - Borrowing | 22 | 18/08/2020 | ||||||
| Dewey Decimal Classification | Damaged | Baccah | Central Library | Central Library | First floor | 21/03/2016 | Purchase | 6 | 346.7307 GOL | 000032126 | 07/09/2017 | Book - Borrowing | 5 | 24/05/2016 | BOX02 |